Phân lập và tuyển chọn vi khuẩn phân giải lân khó tan từ hệ tiêu hóa trùn quế (Perionyx excavatus) : Luận văn tốt nghiệp Cao học. Chuyên ngành Công nghệ sinh học

Đề tài đánh giá, tuyển chọn một số dòng vi khuẩn phân giải lân khó tan hữu hiệu nhất từ các dòng vi khuẩn, nghiên cứu một số yếu tố ảnh hưởng đến khả năng phân giải của các dòng vi khuẩn được tuyển chọn....

Cur síos iomlán

Đã lưu trong:
Sonraí Bibleagrafaíochta
Príomhúdar: Phạm, Thị Tú Quyên
Formáid: Leabhar
Teanga:Undetermined
Foilsithe: Cần Thơ Trường Đại học Cần Thơ 2014
Ábhair:
Clibeanna: Cuir Clib Leis
Gan Chlibeanna, Bí ar an gcéad duine leis an taifead seo a chlibeáil!
Thư viện lưu trữ: Trung tâm Học liệu Trường Đại học Cần Thơ
LEADER 01192nam a2200217Ia 4500
001 CTU_197784
008 210402s9999 xx 000 0 und d
082 |a 579.3 
082 |b Qu603 
088 |a 60420201 
100 |a Phạm, Thị Tú Quyên 
245 0 |a Phân lập và tuyển chọn vi khuẩn phân giải lân khó tan từ hệ tiêu hóa trùn quế (Perionyx excavatus) : 
245 0 |b Luận văn tốt nghiệp Cao học. Chuyên ngành Công nghệ sinh học 
245 0 |c Phạm Thị Tú Quyên ; Bùi Thị Minh Diệu (Cán bộ hướng dẫn) 
260 |a Cần Thơ 
260 |b Trường Đại học Cần Thơ 
260 |c 2014 
520 |a Đề tài đánh giá, tuyển chọn một số dòng vi khuẩn phân giải lân khó tan hữu hiệu nhất từ các dòng vi khuẩn, nghiên cứu một số yếu tố ảnh hưởng đến khả năng phân giải của các dòng vi khuẩn được tuyển chọn. 
650 |a Microbiology,Vi sinh vật 
910 |a Hải 
980 |a Trung tâm Học liệu Trường Đại học Cần Thơ